[Event "RUS-chT U20"]
[Site "Kolomna"]
[Date "2014.08.05"]
[Round "4"]
[White "Strukova, Ksenia"]
[Black "Ten, Kristina"]
[Result "1/2-1/2"]
[WhiteElo "1526"]
[BlackElo "1714"]
[PlyCount "144"]
[EventDate "2014.08.02"]
[EventType "swiss"]
[EventRounds "9"]
[EventCountry "RUS"]
[SourceTitle "EXT 2016"]
[Source "ChessBase"]
[SourceDate "2015.10.08"]
[SourceVersion "1"]
[SourceVersionDate "2015.10.08"]
[SourceQuality "1"]

1. e4 e6 2. d4 d5 3. exd5 exd5 4. c4 Nf6 5. Nc3 Bb4 6. Bd3 0-0 7. Nge2 Re8 8. 0-0 dxc4 9. Bxc4 Be6 10. Bxe6 fxe6 11. Bg5 Nbd7 12. Qb3 Bxc3 13. Nxc3 b6 14. Rfe1 Nf8 15. Rad1 h6 16. Bh4 Qe7 17. d5 Rad8 18. Ne4 g5 19. Nxf6+ Qxf6 20. Bg3 Re7 21. Qb4 Red7 22. d6 cxd6 23. Rxd6 Rxd6 24. Bxd6 Ng6 25. h3 e5 26. Qc4+ Kh7 27. Qc7+ Kg8 28. Bb4 a5 29. Bc3 Rf8 30. f3 Re8 31. Qc4+ Kf8 32. b4 Qf5 33. bxa5 bxa5 34. Bxa5 Rc8 35. Bb4+ Kg7 36. Qd5 Rc2 37. Qb7+ Kg8 38. Qb8+ Kg7 39. Bd6 Rxg2+ 40. Kxg2 Nh4+ 41. Kg1 Nxf3+ 42. Kf2 Nd4+ 43. Kg2 Qf3+ 44. Kg1 Qg3+ 45. Kf1 Qxh3+ 46. Kg1 Qg3+ 47. Kf1 Qh3+ 48. Kf2 Qh2+ 49. Ke3 Nc2+ 50. Ke4 Qf4+ 51. Kd5 Qd4+ 52. Ke6 Qc4+ 53. Kd7 Qf7+ 54. Kc6 Qc4+ 55. Kb6 Nxe1 56. Bxe5+ Kg6 57. Qd6+ Kf5 58. Bd4 Nd3 59. Qf6+ Kg4 60. Be3 Qb4+ 61. Kc7 Qc4+ 62. Kd7 Qb5+ 63. Kc7 Qc4+ 64. Kd7 Qa4+ 65. Kd8 Qa8+ 66. Kc7 Qa5+ 67. Kb7 Qb5+ 68. Ka7 Qd7+ 69. Kb6 Qf5 70. Qd4+ Kh5 71. a4 Qe6+ 72. Kb5 Qb3+ 1/2-1/2

[Event "RUS-chT U20"]
[Site "Kolomna"]
[Date "2014.08.02"]
[Round "1"]
[White "Ten, Kristina"]
[Black "Sorokina, Svetlana Vitalievna"]
[Result "1-0"]
[WhiteElo "1714"]
[BlackElo "1760"]
[PlyCount "65"]
[EventDate "2014.08.02"]
[EventType "swiss"]
[EventRounds "9"]
[EventCountry "RUS"]
[SourceTitle "EXT 2016"]
[Source "ChessBase"]
[SourceDate "2015.10.08"]
[SourceVersion "1"]
[SourceVersionDate "2015.10.08"]
[SourceQuality "1"]

1. d4 Nf6 2. c4 e6 3. Nc3 Bb4 4. Nf3 Ne4 5. Qc2 f5 6. e3 0-0 7. Bd3 Bxc3+ 8. bxc3 Ng5 9. Nd2 b6 10. Ba3 d6 11. d5 e5 12. 0-0 f4 13. exf4 exf4 14. Ne4 f3 15. Nxg5 Qxg5 16. g3 Qh5 17. Rfe1 Bf5 18. Bxf5 Rxf5 19. Qe4 Nd7 20. Qe6+ Rf7 21. Re4 Ne5 22. Rae1 Nd3 23. R1e3 Ne5 24. h4 Kh8 25. Bxd6 cxd6 26. Qxd6 Ng6 27. Re8+ Rf8 28. Qc6 Raxe8 29. Rxe8 Qf5 30. d6 Kg8 31. d7 Ne7 32. Rxf8+ Qxf8 33. Qc7 1-0